[Event "Bhubaneswar op-A 14th"]
[Site "Bhubaneswar"]
[Date "2023.06.13"]
[Round "4"]
[White "Sherla, Prathamesh"]
[Black "Pavan, Karthikeya Varma Gu"]
[Result "0-1"]
[WhiteElo "1726"]
[BlackElo "1459"]
[PlyCount "98"]
[EventDate "2023.06.11"]
[EventType "swiss"]
[EventRounds "10"]
[EventCountry "IND"]
[SourceTitle "CBM 214 Extra"]
[Source "ChessBase"]
[SourceDate "2023.07.31"]
[SourceVersion "1"]
[SourceVersionDate "2023.07.31"]
[SourceQuality "1"]

1. c4 e6 2. g3 d5 3. Nf3 Nf6 4. Bg2 Bd6 5. 0-0 0-0 6. b3 c6 7. Bb2 Nbd7 8. d4 Re8 9. Ne5 Qe7 10. Nd2 Ba3 11. Bc3 Bb4 12. Qc2 Nxe5 13. dxe5 Nd7 14. e4 Nb6 15. Bxb4 Qxb4 16. a3 Qc5 17. b4 Qd4 18. exd5 exd5 19. c5 Nd7 20. Nf3 Qg4 21. h3 Qg6 22. Qc3 b6 23. cxb6 axb6 24. Nh4 Qe6 25. Rfe1 Bb7 26. f4 c5 27. Qb3 c4 28. Qc3 b5 29. Nf3 Qb6+ 30. Nd4 Nb8 31. Red1 Nd7 32. Kf1 g6 33. Nc2 Qe6 34. Nd4 Qb6 35. Rd2 Ra4 36. Rad1 Rea8 37. Nc2 Qe6 38. Bxd5 Bxd5 39. Rxd5 Qxh3+ 40. Kg1 Nf8 41. Rxb5 Ne6 42. Qf3 g5 43. f5 Nf4 44. Rf1 Rxa3 45. Rb8+ Kg7 46. f6+ Kh6 47. Qh1 Rxg3+ 48. Kf2 Rg2+ 49. Ke1 Nd3+ 0-1

[Event "Bhubaneswar op-A 14th"]
[Site "Bhubaneswar"]
[Date "2023.06.12"]
[Round "2"]
[White "Sherla, Prathamesh"]
[Black "Konguvel, Ponnuswamy"]
[Result "0-1"]
[WhiteElo "1726"]
[BlackElo "2257"]
[PlyCount "72"]
[EventDate "2023.06.11"]
[EventType "swiss"]
[EventRounds "10"]
[EventCountry "IND"]
[SourceTitle "CBM 214 Extra"]
[Source "ChessBase"]
[SourceDate "2023.07.31"]
[SourceVersion "1"]
[SourceVersionDate "2023.07.31"]
[SourceQuality "1"]

1. c4 g6 2. Nc3 Bg7 3. g3 e5 4. Bg2 Nc6 5. e4 d6 6. Nge2 Nge7 7. d3 0-0 8. 0-0 Bg4 9. h3 Be6 10. Rb1 Qd7 11. Kh2 f5 12. f4 Kh8 13. Nd5 Rae8 14. b4 Nd4 15. fxe5 dxe5 16. Nxd4 exd4 17. Bf4 fxe4 18. dxe4 Ng8 19. Re1 Rc8 20. b5 c6 21. bxc6 bxc6 22. Nb4 Bxc4 23. Rc1 Be6 24. Nd3 Qe7 25. Rc5 Nf6 26. Qa4 Nh5 27. Bd2 Rf2 28. Qa5 Rff8 29. e5 Bd5 30. g4 Bxg2 31. Kxg2 Qf7 32. gxh5 Qf3+ 33. Kh2 Qxd3 34. Kg2 Qf3+ 35. Kh2 Qf2+ 36. Kh1 Rf3 0-1

[Event "Bhubaneswar op-A 14th"]
[Site "Bhubaneswar"]
[Date "2023.06.11"]
[Round "1"]
[White "Babujian, Levon"]
[Black "Sherla, Prathamesh"]
[Result "0-1"]
[WhiteElo "2373"]
[BlackElo "1726"]
[PlyCount "70"]
[EventDate "2023.06.11"]
[EventType "swiss"]
[EventRounds "10"]
[EventCountry "IND"]
[SourceTitle "CBM 214 Extra"]
[Source "ChessBase"]
[SourceDate "2023.07.31"]
[SourceVersion "1"]
[SourceVersionDate "2023.07.31"]
[SourceQuality "1"]

1. e4 e6 2. d4 d5 3. Nc3 Bb4 4. exd5 exd5 5. Bd3 Nf6 6. Nge2 Bg4 7. 0-0 0-0 8. f3 Bh5 9. Nf4 Bg6 10. Nxg6 hxg6 11. Ne2 Nbd7 12. Ng3 Bd6 13. Bg5 c5 14. dxc5 Nxc5 15. Kh1 Qc7 16. Ne2 Ne6 17. Bxf6 gxf6 18. g3 Kg7 19. c3 Rh8 20. Kg2 Qd7 21. Qd2 Ng5 22. Ng1 Nh3 23. f4 Nxg1 24. Kxg1 Bc5+ 25. Kh1 Rh3 26. Rae1 Rah8 27. b4 Bb6 28. Re2 Rxg3 29. f5 g5 30. Be4 Qc8 31. Bxd5 Qxf5 32. Rd1 Qg4 33. Ree1 Rgh3 34. Re2 Bc7 35. Rg1 Qxe2 0-1

[Event "IND-ch U13 35th"]
[Site "Puducherry"]
[Date "2022.12.12"]
[Round "3"]
[White "Dhyey, Agarwal"]
[Black "Sherla, Prathamesh"]
[Result "1/2-1/2"]
[WhiteElo "1903"]
[BlackElo "1546"]
[PlyCount "160"]
[EventDate "2022.12.11"]
[EventType "swiss"]
[EventRounds "11"]
[EventCountry "IND"]
[SourceTitle "EXT 2024"]
[Source "ChessBase"]
[SourceDate "2023.10.10"]
[SourceVersion "1"]
[SourceVersionDate "2023.10.10"]
[SourceQuality "1"]

1. c4 c5 2. Nc3 Nc6 3. g3 g6 4. Bg2 Bg7 5. e4 e5 6. Nge2 Nge7 7. 0-0 0-0 8. d3 d6 9. a3 Be6 10. Rb1 a5 11. Nd5 Rb8 12. Nec3 f5 13. Bg5 h6 14. exf5 gxf5 15. Bh4 Qd7 16. f4 Bxd5 17. Nxd5 Nxd5 18. Bxd5+ Kh7 19. Qa4 Qc7 20. Kh1 Nd4 21. b4 axb4 22. axb4 b5 23. Qa5 Qd7 24. bxc5 dxc5 25. fxe5 Bxe5 26. Bg2 Bc7 27. Qa7 Qd6 28. Rbe1 Nc6 29. Qa6 Rb6 30. Qa2 Ne5 31. cxb5 Rxb5 32. Qd5 Rb4 33. Rf4 Qxd5 34. Bxd5 Rxf4 35. gxf4 Ng6 36. Bf2 Bd6 37. Re6 Rd8 38. Rf6 Nxf4 39. Bc4 Ng6 40. Rf7+ Kh8 41. Rxf5 Rf8 42. Rd5 Rxf2 43. Rxd6 Nf4 44. h4 h5 45. Rc6 Rf3 46. Rc8+ Kg7 47. Rc7+ Kh8 48. Rd7 Rh3+ 49. Kg1 Rxh4 50. Rc7 Rh3 51. Rxc5 Nxd3 52. Rf5 Nb2 53. Be2 Na4 54. Kg2 Re3 55. Bxh5 Re6 56. Bf3 Nb6 57. Kg3 Kg7 58. Rb5 Rg6+ 59. Bg4 Nc4 60. Rb7+ Kf6 61. Kf4 Nd6 62. Ra7 Rh6 63. Rd7 Nf7 64. Ra7 Kg7 65. Bd7 Rf6+ 66. Ke4 Kf8 67. Ba4 Rf2 68. Ra8+ Kg7 69. Bc6 Rf6 70. Bd5 Nd6+ 71. Kd4 Nf7 72. Ke3 Rf5 73. Bf3 Rf6 74. Bg4 Ne5 75. Bh5 Rf5 76. Ra7+ Nf7 77. Bg4 Rf6 78. Ke4 Kg6 79. Ra8 Kg7 80. Bh5 Ng5+ 1/2-1/2

[Event "IND-ch U12"]
[Site "Srinivasapura"]
[Date "2022.04.12"]
[Round "8"]
[White "Goutham Krishna, H."]
[Black "Sherla, Prathamesh"]
[Result "1-0"]
[WhiteElo "1609"]
[BlackElo "1510"]
[PlyCount "153"]
[EventDate "2022.04.09"]
[EventType "swiss"]
[EventRounds "11"]
[EventCountry "IND"]
[SourceTitle "EXT 2023"]
[Source "ChessBase"]
[SourceDate "2022.10.05"]
[SourceVersion "1"]
[SourceVersionDate "2022.10.05"]
[SourceQuality "1"]

1. Nf3 Nf6 2. d4 e6 3. c4 Bb4+ 4. Bd2 Qe7 5. g3 b6 6. Bg2 Bb7 7. 0-0 0-0 8. Bf4 Bd6 9. Bc1 c5 10. d5 Na6 11. Nc3 exd5 12. Nh4 Be5 13. Nxd5 Nxd5 14. cxd5 d6 15. Kh1 g6 16. f4 Bh8 17. e4 f6 18. Bd2 b5 19. Qg4 Bc8 20. Qe2 Bd7 21. a4 Nc7 22. Ba5 Nxd5 23. e5 Qf7 24. Qd2 Bc6 25. Rfd1 Nb4 26. Bxb4 Bxg2+ 27. Nxg2 cxb4 28. exd6 bxa4 29. Rxa4 a5 30. f5 Bg7 31. Qd5 Qxd5 32. Rxd5 Rfd8 33. Ne3 Bf8 34. Nc4 Ra6 35. Raxa5 Rxa5 36. Rxa5 Bxd6 37. Ra6 Be7 38. fxg6 hxg6 39. Rc6 Rd5 40. Re6 Kf7 41. Re3 Bc5 42. Re1 Bd4 43. Rd1 Ke6 44. Kg2 Be5 45. Rxd5 Kxd5 46. Nxe5 fxe5 47. Kf2 Ke4 48. Ke2 b3 49. h3 Kf5 50. Ke3 Kf6 51. Ke4 Ke6 52. h4 Kd6 53. g4 Ke6 54. h5 g5 55. h6 Kf6 56. h7 Kg7 57. Kxe5 Kxh7 58. Kf5 Kh6 59. Kf6 Kh7 60. Kxg5 Kg7 61. Kf5 Kf7 62. Ke5 Kg6 63. Kd4 Kg5 64. Kc3 Kxg4 65. Kxb3 Kf5 66. Kc4 Ke6 67. Kc5 Kd7 68. Kb6 Kc8 69. b4 Kb8 70. b5 Ka8 71. Kc7 Ka7 72. b6+ Ka6 73. b7 Ka5 74. b8Q Ka4 75. Qb2 Ka5 76. Qb3 Ka6 77. Qa4# 1-0

[Event "IND-ch U12"]
[Site "Srinivasapura"]
[Date "2022.04.12"]
[Round "7"]
[White "Sherla, Prathamesh"]
[Black "Vignesh Kannan, P."]
[Result "1-0"]
[WhiteElo "1510"]
[BlackElo "1446"]
[PlyCount "61"]
[EventDate "2022.04.09"]
[EventType "swiss"]
[EventRounds "11"]
[EventCountry "IND"]
[SourceTitle "EXT 2023"]
[Source "ChessBase"]
[SourceDate "2022.10.05"]
[SourceVersion "1"]
[SourceVersionDate "2022.10.05"]
[SourceQuality "1"]

1. c4 Nf6 2. Nc3 e5 3. g3 Bc5 4. Bg2 0-0 5. e3 c6 6. Nge2 d5 7. cxd5 cxd5 8. d4 exd4 9. exd4 Bb4 10. 0-0 Bg4 11. h3 Bf5 12. Bg5 Bxc3 13. Nxc3 Be6 14. f4 Qb6 15. f5 Bd7 16. Bxf6 Qxf6 17. Nxd5 Qd6 18. f6 Qxg3 19. Qh5 Nc6 20. fxg7 Qxg7 21. Nf6+ Kh8 22. d5 Nb8 23. Kh1 Bb5 24. Be4 h6 25. Rf2 Be2 26. Qxe2 Rd8 27. Rg1 Qf8 28. Qh5 Na6 29. Rg8+ Qxg8 30. Qxh6+ Qh7 31. Qxh7# 1-0

[Event "IND-ch U12"]
[Site "Srinivasapura"]
[Date "2022.04.11"]
[Round "6"]
[White "Gaikwad, Manas"]
[Black "Sherla, Prathamesh"]
[Result "1/2-1/2"]
[WhiteElo "1698"]
[BlackElo "1510"]
[PlyCount "106"]
[EventDate "2022.04.09"]
[EventType "swiss"]
[EventRounds "11"]
[EventCountry "IND"]
[SourceTitle "EXT 2023"]
[Source "ChessBase"]
[SourceDate "2022.10.05"]
[SourceVersion "1"]
[SourceVersionDate "2022.10.05"]
[SourceQuality "1"]

1. e4 e6 2. d4 d5 3. Nc3 Bb4 4. e5 Qd7 5. Qg4 f5 6. Qh5+ g6 7. Qh3 b6 8. a3 Bf8 9. Qg3 Nh6 10. h4 Nf7 11. Nf3 Rg8 12. Qh3 Ba6 13. g4 Bxf1 14. Rxf1 Nc6 15. Bg5 Nh6 16. gxf5 Nxf5 17. Ne2 Be7 18. Rd1 h6 19. Bxe7 Qxe7 20. Rg1 0-0-0 21. Kd2 Rdf8 22. Kc1 Nb8 23. Rg2 Rf7 24. Rdg1 Rfg7 25. Nf4 Qf7 26. Qg4 Nd7 27. c3 Nf8 28. Ne2 Nh7 29. Ng3 Kb7 30. Nxf5 exf5 31. Qf4 h5 32. Ne1 Nf8 33. Nd3 Ne6 34. Qf3 c6 35. Nf4 Nxf4 36. Qxf4 Qe6 37. Rg5 Kc8 38. Kd2 Kd7 39. a4 Ke7 40. Qf3 Kf7 41. b4 Rd8 42. Qg3 Rgg8 43. Qe3 a6 44. R5g3 Rg7 45. Qh6 Rdg8 46. Qg5 b5 47. a5 Rh7 48. Re1 Re8 49. Rge3 Rg7 50. Qf6+ Qxf6 51. exf6 Rxe3 52. Rxe3 Kxf6 53. f4 Re7 1/2-1/2

[Event "Mumbai Wealth U13 op 5th"]
[Site "Mumbai"]
[Date "2020.01.07"]
[Round "9"]
[White "Shravan, Swaminathan"]
[Black "Sherla, Prathamesh"]
[Result "1-0"]
[WhiteElo "1534"]
[BlackElo "1278"]
[PlyCount "163"]
[EventDate "2019.12.30"]
[EventType "swiss"]
[EventRounds "9"]
[EventCountry "IND"]
[SourceTitle "CBM 194 Extra"]
[Source "ChessBase"]
[SourceDate "2020.03.31"]
[SourceVersion "1"]
[SourceVersionDate "2020.03.31"]
[SourceQuality "1"]

1. b3 b6 2. Bb2 Bb7 3. e3 e6 4. Nf3 Nf6 5. Be2 Be7 6. 0-0 0-0 7. d4 d5 8. Nbd2 Nbd7 9. c4 c5 10. Qc2 Qc7 11. Rac1 Rac8 12. Rfd1 Qb8 13. Qb1 Rfd8 14. Bd3 h6 15. cxd5 Nxd5 16. Qa1 Bf6 17. Ne4 Nb4 18. Nxf6+ Nxf6 19. Be2 Ne8 20. dxc5 Rxc5 21. Rxc5 Rxd1+ 22. Qxd1 bxc5 23. a3 Nd5 24. Qc2 Qc7 25. Ne1 Nd6 26. Bf1 Qc6 27. Nd3 Nb6 28. Qxc5 Qxc5 29. Nxc5 Bd5 30. Be5 Nb7 31. Nxb7 Bxb7 32. Bd4 Nc8 33. f3 f6 34. e4 e5 35. Bc5 Kf7 36. Bc4+ Ke8 37. Be6 a6 38. Kf2 Ne7 39. Bc4 Nc6 40. Ke3 Na5 41. Be6 Bc6 42. a4 g5 43. g3 Nb7 44. Ba3 Nd8 45. Bc4 Bb7 46. Bd5 Bxd5 47. exd5 f5 48. g4 fxg4 49. fxg4 Kf7 50. Ke4 Kf6 51. Bd6 Nf7 52. Bc7 Ke7 53. Bxe5 Nd8 54. b4 Nb7 55. a5 Kf8 56. d6 Ke8 57. Kd5 Kd7 58. h3 Nd8 59. Kc5 Nc6 60. Bg7 Nd8 61. Be5 Nc6 62. Bh2 Nd8 63. Kb6 Nc6 64. Kxa6 Nxb4+ 65. Kb5 Nc6 66. a6 Na7+ 67. Kb6 Nc8+ 68. Kb7 Nxd6+ 69. Bxd6 Kxd6 70. a7 Ke5 71. a8Q Kf4 72. Qf8+ Kg3 73. Qxh6 Kf3 74. Qxg5 Ke4 75. Kc6 Kd4 76. Qf4+ Kc3 77. Kc5 Kb2 78. Qe3 Kc2 79. Kb4 Kd1 80. Qf2 Kc1 81. Kc3 Kd1 82. Qf1# 1-0